Liedtext - Deutsche Bahn - Wise Guys - Statistiken

Allgemein
  • Dieses Quiz wurde 241 mal gespielt
  • Das Durchschnittsergebnis liegt bei 228 aus 351
Antwortstatistiken
Antwort % Korrekt
Bahn
99%
deutsch
94%
zu
90%
das
88%
der
87%
Deutsche
87%
und
87%
sie
86%
Sie
86%
den
85%
Die
84%
die
84%
for
84%
Meine
84%
meine
84%
wir
83%
Wir
83%
Damen
82%
es
82%
für
81%
Für
81%
uns
81%
an
80%
auf
79%
ein
79%
ist
79%
nicht
79%
fährt
76%
Fahrt
76%
Herrn
76%
nach
76%
am
75%
denn
75%
ju
75%
war
75%
wis
75%
ICE
74%
mit
74%
schon
74%
heute
72%
ja
72%
Sänk
72%
2
71%
drei
70%
halb
70%
ich
70%
Abfahrt
69%
Frankfurt
69%
14
68%
Bei
68%
bei
68%
gegenüber
68%
Main
68%
Uhr
68%
Bahnsteig
67%
hier
67%
vom
67%
dieses
66%
leider
66%
Plan
66%
spricht
66%
dass
65%
Dass
65%
Gegenteil
65%
genau
65%
man
65%
Zuges
65%
als
63%
ganz
63%
Gleisen
63%
haben
63%
Wagenreihung
63%
abweichend
62%
angehängt
61%
englisch
61%
falschrum
61%
reisen
61%
beherrsch
60%
dann
60%
Lauf
60%
Obwohl
60%
sprechen
60%
Akzent
59%
anders
59%
danke
59%
normal
59%
Preisen
59%
viel
59%
abgefahrenen
58%
eine
58%
von
58%
denkt
57%
erst
57%
im
57%
Im
57%
läuft
55%
Zugchef
55%
heftigem
54%
vorher
54%
Bordbistro
53%
empfehlen
53%
Ihre
53%
kennt
53%
danken
52%
einer
52%
Kuh
52%
Service
52%
Waggons
52%
meiste
51%
oft
51%
spontan
51%
aus
50%
Leidensfähigkeit
50%
Schienen
50%
WC
50%
mal
49%
träweling
49%
Zehn
49%
beim
48%
Euro
48%
liegt
48%
putzen
48%
Spaß
48%
steht
48%
benutzen
47%
doch
47%
geht
47%
Aber
46%
lieb
46%
ne
46%
ohne
46%
weiter
46%
Ekel
45%
grad
45%
Grad
45%
Leberkäs
45%
meinen
45%
selber
45%
Sieben
45%
Angebot
44%
kriegen
44%
besten
43%
bitte
43%
Flasche
43%
Sagrotan
43%
Softdrink
43%
Trotzdem
43%
halt
42%
kalt
42%
lange
42%
Sollten
42%
will
42%
bis
41%
heiß
41%
Sommer
41%
Staatsbetrieb
41%
Winter
41%
behalten
40%
alle
39%
noch
39%
wird
39%
Verwenden
38%
nur
37%
war'n
36%
verhehlen
35%
32
34%
Erstmal
34%
einfach
33%
unser'm
33%
defekt
32%
Beweis
31%
funktionieren
31%
Klimaanlagen
31%
stehen
31%
fehlt
30%
Heizungen
30%
parat
30%
sind
30%
Theorie
30%
ham
29%
weil
29%
Erleben
28%
In-der-Schlange-stehn
28%
Fieberwahn
26%
Kälteschock
26%
keiner
26%
checkt
25%
meistens
24%
ständig
24%
Ihn'n
19%
Ansonsten
17%
empfehl'n
9%
Keine übereinstimmenden Quizze gefunden
Verteilung der Resultate
Anzahl Personen mit jedem Resultat
Perzentil nach korrekt beantworteten Fragen
Ihre Resultats-Entwicklung
Sie haben dieses Quiz noch nicht gespielt